Quizzes
Events
Quiz Creation
Community
Videos
Private Events
Remove Ads
Sign In
Join for FREE
Feedback
Dark Mode
Quiz Categories
Sports
Geography
Music
Movies
Television
Just For Fun
Miscellaneous
History
Literature
Language
Science
Gaming
Entertainment
Religion
Holiday
For Kids
Quiz Lab
Recent
Popular Today
Quiz Kudos Today
Editor Picks
Curator Picks
Quizzes by...
Day
Popularity
Type
Ratings
Length
Year
Community
Subscriptions
Recent Discussions
Orange Saloon
Badges
Playlists
Quests
Create
Leaderboards
Showdown
Live 5
Trivia Bingo
Activity
Puzzle Library
Sporcle Events
Private Events
Virtual Trivia
Globe League
Become a Host
Pub Owners
SporcleCon
Opinionation
Our Games
Videos
Blog
Mobile Apps
Partnerships
Remove Ads and Go Orange
Feedback
Sports
Athletes
MLB
NBA
NHL
NFL
Soccer
Sports Teams
WWE
NCAA
Football
Premier League
Basketball
Baseball
Hockey
Golf
Tennis
Cricket
Rugby
Auto Racing
Olympics
World Cup
Sports
Athletes
MLB
NBA
NHL
NFL
Soccer
Sports Teams
WWE
NCAA
Football
Premier League
Basketball
Baseball
Hockey
Golf
Tennis
Cricket
Rugby
Auto Racing
Olympics
World Cup
Random Quiz
Search Sporcle
×
Quiz Lab
Quiz Lab
Sports
Bowl Games
Type in answers that appear in a list
Type in answers that appear in a list
Classic
Best Score? Go Orange.
Notre Dame Bowl Appearances Stats
Can you name the Notre Dame Bowl Appearances?
By
pdxsteeler
10m
14 Questions
85 Plays
85 Plays
85 Plays
Comments
Comments
Give Quiz Kudos
Give Quiz Kudos
-
- Ratings
hide this ad
Replay
Link that replays current quiz
Next Quiz
Link to next quiz in quiz playlist
You Got
0%
They Got
Avg Score
61%
Avg Friend Score
Upgrade to see
Score Distribution
Jump to the score distribution portion of the page
Score
0/14
Timer
10:00
0
Plays Today
# of Appearances
Bowl Game
% Correct
7
Cotton Bowl
98.8%
4
Sugar Bowl
97.6%
4
Fiesta Bowl
96.5%
1
Rose Bowl
96.5%
5
Orange Bowl
92.9%
3
Gator Bowl
69.4%
1
Sun Bowl
61.2%
# of Appearances
Bowl Game
% Correct
1
Hawaii Bowl
55.3%
1
Liberty Bowl
47.1%
1
Independence Bowl
37.6%
1
BCS National Championship
32.9%
1
Champs Sports
31.8%
1
Aloha Bowl
24.7%
1
Insight Bowl
21.2%
Quiz Playlist
Details
Report
Send in Message
Add To Playlist
Classic:
Type in answers that appear in a list
Last Updated: Feb 16, 2017
Quiz Scoreboard
CHALLENGE
Sign Up to Join the Scoreboard
Show All
Scores
Hide
Comments
May contain spoilers
Recently Published
TV Characters by Other Roles V
by ghcgh
Television
5m
Decade Duel: World Leaders
by jenniferyan
History
4m
Alphabetical 'K' Countries by Flag Minefield
by ylime102
Geography
3m
More to Explore
Quiz From the Vault
Featured Blog Post
15 Basketball Trivia Facts You Can Be March Mad About
hide this ad
You Might Also Like...
Tags
Bowl Games
NCAA Football
Notre Dame
Today's Top Quizzes in Sports
Browse Sports
hide this ad
Today's Top Quizzes in Bowl Games
Browse Bowl Games
Top Contributed Quizzes in Sports
1
Les joueurs à 100 buts en Ligue 1 Uber Eats
2
2022 World Cup Stars
3
Pick 6: NFL Teams
4
MLB 2 truths and a lie: Hall of Fame pitchers
5
Pick 6: Minor League Baseball
6
Millionaire: NBA Finals Edition
7
Pick 6: Olympics
8
50+ Goals in European Competition
9
Click the 1998 NBA Draft
10
Iconic Moments in Football - Multiple Choice
Explore More
Trending Topics
Harry Potter
Crossword
Disney
Anime
Marvel
Kpop
NBA
The Office
Soccer
NFL
Country
Puzzle
WWE
Pokémon
Song
hide this ad
More By:
pdxsteeler
Quiz
Plays
Rating
Category
Featured
Created
Notre Dame Bowl Appearances
85
Sports
Dec 7, 2012
Go to Creator's Profile
Score Distribution
Quiz Creator Spotlight
pdxsteeler
Follow
Send a Message
Quizzes Created
-
Created Quiz Play Count
-
More By This Creator
Popular Quizzes Today
1
Countries of Asia Without Outlines Minefield
2
Find the US States - No Outlines Minefield
3
Pick 6: Fruits
4
The Countries of the World
5
Find the Countries of Europe - No Outlines Minefield
6
Alphabetical 'K' Countries by Flag Minefield
7
US States
8
Find the US States
More Sports Quizzes
FBS Teams Using Reward/Pride Helmet Stickers
Curator's Pick
Trending Quizzes
Pick 6: Mountains
Pick 6: Harry Potter
Pick 6: Flags
Pick 6: NFL Teams
C Names for Actors
Recently Updated
Adaptations: Name the Title
pecheneg
NWSL Teams
pecheneg
Women's Final Four Teams by Year
bhenderson79
Presidents Quartet II
eogle
Anything But Clue(do)
eogle
Anything But Oceanian Capitals
eogle
Anything But 7
eogle
Anything But Thing
eogle
Word Ladder: February 29
pecheneg
Song Title Questions
pecheneg
Trending Topics
Anime
Crossword
Kpop
Marvel
Harry Potter
NBA
Disney
Puzzle
The Office
NFL
Soccer
Song
WWE
Pokémon
Country
Your Account Isn't Verified!
In order to create a playlist on Sporcle, you need to verify the email address you used during registration. Go to your
Sporcle Settings
to finish the process.
Report this User
Report this user for behavior that violates our
Community Guidelines
.
Details:
Send Report
Go to the Sporcle.com Mobile Site →
Comments